Mito y Significado /

Gorde:
Xehetasun bibliografikoak
Egile nagusia: Lévi-Strauss, Claude (autor)
Beste egile batzuk: Arruabarrena, Héctor (prólogo, traducción y notas) (prólogo, traducción y notas)
Formatua: Liburua
Hizkuntza:gaztelania
Argitaratua: Madrid, España : Alianza, 2012, c2012
Edizioa:3a edición
Saila:(El Libro de Bolsillo ; Ciencias Sociales) 26.
Gaiak:
Etiketak: Etiketa erantsi
Etiketarik gabe, Izan zaitez lehena erregistro honi etiketa jartzen!

MARC

LEADER 00000nam^a2200000^a^4500
001 000388125
005 20250521000000.0
009 20260310121047.048
020 |a 978-84-206-0971-3 
037 |a Acervo ITESO - Biblioteca 
041 |a ESP 
082 |a 300. 1  |b LEV OBR MIT 
100 |a Lévi-Strauss, Claude  |e (autor) 
245 1 0 |a Mito y Significado /  |c C. Lévi-Strauss ; pról., notas y tr. por Héctor Arruabarrena. 
250 |a 3a edición 
264 4 |a Madrid, España :  |b Alianza,  |c 2012, c2012 
300 |a 106 p. 
336 |a texto  |b txt  |2 rdacontenido 
337 |a sin mediación  |b n  |2 rdamedio 
338 |a volumen  |b nc  |2 rdasoporte 
440 4 |a (El Libro de Bolsillo ;  |v 26.  |p Ciencias Sociales) 
500 |a Traducción de: Myth and Meaning 
545 0 |a Claude Lévi-Strauss (Bruselas, 1908 - París, 2009) es considerado el fundador de la antropología estructuralista. Su teoría, basada en el estructuralismo lingüístico de Saussure y Jakobson, utilizó las oposiciones binarias y los ejes diacrónico y sincrónico para explicar los fenómenos sociales como sistemas de signos que son significantes. Para ello, reveló la existencia de una forma común de pensar lógicamente, una estructura inconsciente que precede a la conciencia, que al ponerse en relación en la vida social, crea sistemas de reglas que permiten atribuir valor y significado compartidos en la interacción social. Con sus aportaciones logró dotar de carácter científico al estudio etnológico y fue reconocido como uno de los intelectuales franceses más influyentes del siglo XX. 
649 |a XX 
650 |a Pensamiento 
650 |a Mitología -  |x Tema Principal 
650 |a Estructuralismo -  |x Tema Principal 
650 |a Antropología Cultural 
650 |a Antropología -  |x Teoría 
650 |a Sociología -  |x Teoría 
700 |a Arruabarrena, Héctor  |e (prólogo, traducción y notas) 
910 |a Fondo General 
920 |a Impresos - Libros 
930 |a Colección General 
905 |a 101 
901 |a 0500282809  |b IT1  |c ACC  |i C152997  |u 20250521 
902 |a https://opac.biblio.iteso.mx/vufind/Record/000388125